02524nam a22002297a 450000500170000000700150001700800410003202000220007303500100009504000090010510000300011424501510014425600240029526000410031930000280036050014950038850602700188365000280215365000340218174000380221585600410225320240305165633.0cr|||| |||| 220517s2021 es |||||s|||| 00||0 spa d a978-84-124109-7-6 a35652 avLex1 aSerrano Maíllo, Alfonso12aLa evolución del encarcelamiento en España (1971-2020)h[Recurso electrónico] :bUn estudio de series temporales /cAlfonso Serrano Maíllo aServicio en línea aBarcelona:bJ.M. Bosch Editor,c2021 a1 recurso electrónico aEn la presente monografía se contrastan hipótesis sobre la evolución del encarcelamiento en España para el período 1971-2020. Desde un punto de vista metodológico, las tasas de encarcelamiento deben tratarse como una serie temporal, esto es como la realización de un proceso estocástico. Por este motivo aquí se emplean, de modo pionero en nuestra Criminología, modelos econométricos con rezagos ARD, ARIMAX y VAR. Nuestros resultados descartan que el Código penal de 1995 aumentara la punitividad o firmeza frente al delito ya que el crecimiento de las tasas de encarcelamiento se redujo en un 8,39 por ciento tras su entrada en vigor. Ello contradice una hipótesis estrella de la Criminología española. También se ha encontrado un efecto positivo del PIB, así como que un mayor volumen de extranjeros residentes en España y gobiernos conservadores se relacionan con aumentos en la firmeza. Esta segunda constelación de variables tiene un contenido económico consistente con la teoría del don de Mauss, en la que los ritos –justamente lo que es el castigo en la tradición del Durkheim tardío– tienden a agotar todos los recursos disponibles si no encuentran ningún freno. Se contrastan otras conjeturas, si bien no reciben sustento empírico. Esta investigación incluye pronósticos sobre la evolución de las tasas de encarcelamiento en los próximos años en España, otra de las funciones de los análisis de series temporales.1 aDisponible solo en los productos indicadosdvLex GlobaldvLex Global (Academic Edition, excluding Law Schools)dvLex Global (U.S. Academic Edition, Law Schools)dvLex Global (U.S. Academic Edition, excluding Law Schools)dvLex Global (Academic Edition, Law Schools)04aDerecho PenalzEspaña04aProcedimiento PenalzEspaña0 avLex Libros (Servicio en línea)40uhttps://app.vlex.com/#/sources/35652